00576nam a22001577a 4500082001800000100001500018245005200033300001700085526003700102526003700139650001300176942001200189999001900201952009900220952009900319 a355bGUIcDON aSTD948662 aGuide line for study staff course entrance exam a333 p.bill. a0b0c0d355_000000000000000_GUI a0b0c0d355_000000000000000_GUI aMCE9379 2ddccBK c551524d551524 00102ddc4070aMCEbMCEd2014-12-17l0o355 GUIpMCE-34946r2014-12-17t2003w2014-12-17yBK 00102ddc4070aMCEbMCEd2014-12-17l0o355 GUIpMCE-34945r2014-12-17t2003w2014-12-17yBK